000 01035cam a2200265 a 4500
001 13903675
003 OSt
005 20240625111820.0
008 050317s2004 nyua b 000 0beng
010 _a 2005273211
020 _a0070491518
040 _aDLC
_cmust
_dDLC
082 _a375 PED 1939
100 1 _aBenjamin, Harold
_d1893-1969.
_917766
245 1 4 _aThe saber-tooth curriculum /
_cby J. Abner Peddiwell ; [foreword by Harold Benjamin ; with a new introduction by John I Goodlad].
250 _aClassic ed.
260 _aNew York :
_bMcGraw-Hill,
_cc1939.
300 _a xiii, 139 p. :
_bill. ;
_c20 cm.
650 0 _aEducation
_xHumor.
_917767
856 4 2 _3Contributor biographical information
_uhttp://www.loc.gov/catdir/enhancements/fy0626/2005273211-b.html
856 4 2 _3Publisher description
_uhttp://www.loc.gov/catdir/enhancements/fy0626/2005273211-d.html
906 _a7
_bcbc
_corigcop
_d3
_encip
_f20
_gy-gencatlg
942 _2z
_cO_SHELF
999 _c8795
_d8795